[Event "SRB-Cup"]
[Site "Valjevo"]
[Date "2011.05.17"]
[Round "2.2"]
[White "Velimirovic, Dragoljub"]
[Black "Bogosavljevic, Boban"]
[Result "0-1"]
[WhiteElo "2410"]
[BlackElo "2550"]
[PlyCount "96"]
[EventDate "2011.05.16"]
[EventType "team-swiss"]
[EventRounds "7"]
[EventCountry "YUG"]
[SourceTitle "CBM 142 Extra"]
[Source "ChessBase"]
[SourceDate "2011.06.27"]
[SourceVersion "1"]
[SourceVersionDate "2011.06.27"]
[SourceQuality "1"]
[WhiteTeam "Belgrade Itaka"]
[BlackTeam "Belgrade Lasta"]
[WhiteTeamCountry "SRB"]
[BlackTeamCountry "SRB"]

1. e4 d5 2. exd5 Qxd5 3. Nc3 Qd6 4. d4 Nf6 5. Nf3 g6 6. Ne5 Bg7 7. Bf4 Nd5 8. Nxd5 Qxd5 9. Qd2 0-0 10. Bc4 Qe4+ 11. Qe3 Qxe3+ 12. fxe3 Nd7 13. Nxd7 Bxd7 14. 0-0-0 Rac8 15. Bg5 Rfe8 16. Rhf1 e6 17. e4 b5 18. Bb3 a5 19. a3 Bc6 20. d5 Bd7 21. Bf6 Bh6+ 22. Kb1 a4 23. dxe6 Bxe6 24. Bxe6 Rxe6 25. e5 Bf8 26. Rd7 c5 27. Rfd1 b4 28. Rd8 Re8 29. Rxe8 Rxe8 30. Rd8 Rxd8 31. Bxd8 bxa3 32. c4 Bh6 33. Bc7 Be3 34. Bd6 Kg7 35. bxa3 f5 36. e6 g5 37. Kc2 Kf6 38. e7 Kf7 39. Kd3 Bg1 40. Ke2 h5 41. Kf3 h4 42. h3 Bd4 43. g3 hxg3 44. Kxg3 Ke8 45. Kf3 Bf6 46. h4 gxh4 47. Kf4 Bxe7 48. Be5 Kd7 0-1

[Event "Belgrade tt Cup"]
[Site "Belgrade"]
[Date "2011.04.14"]
[Round "2"]
[White "Hrzic, Ivan"]
[Black "Velimirovic, Dragoljub"]
[Result "1-0"]
[WhiteElo "2302"]
[BlackElo "2421"]
[PlyCount "115"]
[EventDate "2011.04.13"]
[EventType "team-tourn"]
[EventRounds "5"]
[EventCountry "SRB"]
[SourceTitle "CBM 141 Extra"]
[Source "ChessBase"]
[SourceDate "2011.05.03"]
[SourceVersion "1"]
[SourceVersionDate "2011.05.03"]
[SourceQuality "1"]

1. e4 c5 2. c3 e6 3. d4 d5 4. e5 Nc6 5. Nf3 Qb6 6. Bd3 Bd7 7. dxc5 Bxc5 8. 0-0 a5 9. Nbd2 Qc7 10. Nb3 Bb6 11. Bf4 Nge7 12. Bg3 a4 13. Nbd2 Ng6 14. Rc1 Rc8 15. Bc2 a3 16. b4 Nce7 17. c4 dxc4 18. Bxg6 hxg6 19. Nxc4 Qxc4 20. Rxc4 Rxc4 21. Ng5 Nd5 22. h4 Bb5 23. Qf3 0-0 24. h5 Rc3 25. Qg4 gxh5 26. Qxh5 Bd3 27. Kh2 Bg6 28. Qg4 Bf5 29. Qd1 Rfc8 30. Rh1 R8c4 31. Qa4 Rc8 32. Qd7 R3c7 33. Qb5 Rc6 34. Qa4 Bd8 35. Nf3 Bb6 36. Qxa3 Rc4 37. Re1 Nxb4 38. Rd1 Nd5 39. Qd6 R4c6 40. Qd7 Nc3 41. Rc1 R6c7 42. Qd2 Bg6 43. Bh4 Rc4 44. Qb2 R8c6 45. Bg5 Na4 46. Qa3 Bxf2 47. Rxc4 Rxc4 48. Qb3 Rg4 49. Qxb7 Bg3+ 50. Kg1 Be4 51. Qc8+ Kh7 52. Nd2 Bf5 53. Nf3 Be4 54. Be3 Kg6 55. Bf2 Bxf2+ 56. Kxf2 Nb6 57. Qh8 Bxf3 58. Kxf3 1-0

[Event "Marianske Lazne Czech Coal m"]
[Site "Marianske Lazne"]
[Date "2010.11.26"]
[Round "7"]
[White "Velimirovic, Dragoljub"]
[Black "Caoili, Arianne"]
[Result "1/2-1/2"]
[WhiteElo "2425"]
[BlackElo "2242"]
[PlyCount "60"]
[EventDate "2010.11.20"]
[EventType "schev"]
[EventRounds "8"]
[EventCountry "CZE"]
[SourceTitle "CBM 139 Extra"]
[Source "ChessBase"]
[SourceDate "2011.01.05"]
[SourceVersion "1"]
[SourceVersionDate "2011.01.05"]
[SourceQuality "1"]
[WhiteTeam "Veterans"]
[BlackTeam "Snowdrops"]
[WhiteTeamCountry "CZE"]
[BlackTeamCountry "CZE"]

1. e4 e5 2. d4 exd4 3. c3 d5 4. exd5 Qxd5 5. Nf3 Nc6 6. Be2 Bf5 7. cxd4 Bxb1 8. Rxb1 Bb4+ 9. Bd2 Bxd2+ 10. Qxd2 Nge7 11. Rc1 0-0-0 12. 0-0 Nxd4 13. Nxd4 Qxd4 14. Qg5 Nc6 15. Qf5+ Qd7 16. Qf4 Nd4 17. Bc4 Kb8 18. Rfd1 Rhe8 19. Bb5 Ne2+ 20. Bxe2 Qxd1+ 21. Rxd1 Rxd1+ 22. Bf1 Ree1 23. g3 Rxf1+ 24. Kg2 Rg1+ 25. Kh3 Rd6 26. Qxf7 Rh6+ 27. Kg4 Rg6+ 28. Kh5 Rh6+ 29. Kg4 Rg6+ 30. Kh3 Rh6+ 1/2-1/2

[Event "Marianske Lazne Czech Coal m"]
[Site "Marianske Lazne"]
[Date "2010.11.21"]
[Round "2"]
[White "Velimirovic, Dragoljub"]
[Black "Olsarova, Tereza"]
[Result "1-0"]
[WhiteElo "2425"]
[BlackElo "2185"]
[PlyCount "73"]
[EventDate "2010.11.20"]
[EventType "schev"]
[EventRounds "8"]
[EventCountry "CZE"]
[SourceTitle "CBM 139 Extra"]
[Source "ChessBase"]
[SourceDate "2011.01.05"]
[SourceVersion "1"]
[SourceVersionDate "2011.01.05"]
[SourceQuality "1"]
[WhiteTeam "Veterans"]
[BlackTeam "Snowdrops"]
[WhiteTeamCountry "CZE"]
[BlackTeamCountry "CZE"]

1. e4 e5 2. Nf3 Nc6 3. d4 exd4 4. c3 d5 5. exd5 Qxd5 6. cxd4 Bg4 7. Be2 Bb4+ 8. Nc3 Bxf3 9. Bxf3 Qc4 10. Bxc6+ bxc6 11. Qe2+ Qxe2+ 12. Kxe2 0-0-0 13. Rd1 Nf6 14. Bg5 Bxc3 15. bxc3 Ne4 16. Bd2 Rhe8 17. Kf1 Nxd2+ 18. Rxd2 c5 19. d5 Re4 20. Re1 Rxe1+ 21. Kxe1 c6 22. dxc6 Rxd2 23. Kxd2 Kc7 24. Kd3 Kxc6 25. Ke4 Kb5 26. Kd5 a5 27. h4 f5 28. g3 g6 29. f3 Ka4 30. Kxc5 Ka3 31. c4 Kxa2 32. Kd5 a4 33. c5 a3 34. c6 Kb3 35. c7 a2 36. c8Q a1Q 37. Qc4+ 1-0

[Event "Marianske Lazne Czech Coal m"]
[Site "Marianske Lazne"]
[Date "2010.11.20"]
[Round "1"]
[White "Cmilyte, Viktorija"]
[Black "Velimirovic, Dragoljub"]
[Result "1-0"]
[WhiteElo "2514"]
[BlackElo "2425"]
[PlyCount "111"]
[EventDate "2010.11.20"]
[EventType "schev"]
[EventRounds "8"]
[EventCountry "CZE"]
[SourceTitle "CBM 139 Extra"]
[Source "ChessBase"]
[SourceDate "2011.01.05"]
[SourceVersion "1"]
[SourceVersionDate "2011.01.05"]
[SourceQuality "1"]
[WhiteTeam "Snowdrops"]
[BlackTeam "Veterans"]
[WhiteTeamCountry "CZE"]
[BlackTeamCountry "CZE"]

1. d4 Nf6 2. c4 c5 3. d5 d6 4. Nc3 g6 5. g3 e6 6. Bg2 exd5 7. cxd5 Bg7 8. Nf3 0-0 9. 0-0 a6 10. a4 Re8 11. Nd2 Nbd7 12. h3 Rb8 13. Nc4 Ne5 14. Na3 Qc7 15. e4 c4 16. Be3 b6 17. Qe2 Bd7 18. Nc2 Nd3 19. Nd4 b5 20. axb5 axb5 21. Nc6 b4 22. Ra7 Qc8 23. Nxb8 Qxb8 24. Rfa1 bxc3 25. bxc3 Qc8 26. Bd4 Bxh3 27. Ra8 Qxa8 28. Rxa8 Rxa8 29. Bxh3 Re8 30. Bg2 Nxd5 31. Bxg7 Kxg7 32. Qa2 Nf6 33. Qxc4 Nc5 34. f3 g5 35. Qd4 Ne6 36. Qxd6 Rd8 37. Qe5 Rc8 38. Qa5 h5 39. Bf1 g4 40. e5 Nh7 41. f4 h4 42. gxh4 Nxf4 43. Qb4 Ng6 44. Qxg4 Rc5 45. Bd3 Rxe5 46. Qd4 Nf6 47. Bxg6 Rd5 48. Qe3 Kxg6 49. c4 Rh5 50. Qg3+ Kh7 51. Qf4 Kg6 52. Qd4 Rf5 53. c5 Nd5 54. c6 Nf4 55. Qd6+ Rf6 56. Qxf6+ 1-0

[Event "Belgrade-chT"]
[Site "Belgrade"]
[Date "2009.10.11"]
[Round "8"]
[White "Brkljaca, Ante"]
[Black "Velimirovic, Dragoljub"]
[Result "0-1"]
[WhiteElo "2368"]
[BlackElo "2438"]
[PlyCount "72"]
[EventDate "2009.10.04"]
[EventType "team-tourn"]
[EventRounds "9"]
[EventCountry "YUG"]
[SourceTitle "CBM 132 Extra"]
[Source "ChessBase"]
[SourceDate "2009.11.03"]
[SourceVersion "1"]
[SourceVersionDate "2009.11.03"]
[SourceQuality "1"]

1. d4 Nf6 2. Nf3 g6 3. c3 Bg7 4. Bf4 0-0 5. e3 d6 6. h3 Nc6 7. Be2 Qe8 8. 0-0 e5 9. Bh2 e4 10. Ne1 h5 11. Nc2 Bf5 12. Nd2 Qd7 13. b4 h4 14. c4 Rae8 15. Rb1 Bh6 16. c5 d5 17. b5 Nd8 18. c6 bxc6 19. Nb3 cxb5 20. Nc5 Qe7 21. Rxb5 c6 22. Ra5 Nh7 23. Nb4 Ng5 24. Kh1 Nge6 25. Qa4 Nxc5 26. Rxc5 Bd7 27. Qxa7 f5 28. Bc7 Ne6 29. Nxc6 Bxc6 30. Rxc6 Rf7 31. Re1 Rc8 32. Bb6 Rxc6 33. Qa8+ Kh7 34. Qxc6 f4 35. Qc8 fxe3 36. fxe3 Qb4 0-1

[Event "Belgrade-chT"]
[Site "Belgrade"]
[Date "2009.10.08"]
[Round "5"]
[White "Stankovic, Milos"]
[Black "Velimirovic, Dragoljub"]
[Result "1-0"]
[WhiteElo "2306"]
[BlackElo "2438"]
[PlyCount "45"]
[EventDate "2009.10.04"]
[EventType "team-tourn"]
[EventRounds "9"]
[EventCountry "YUG"]
[SourceTitle "CBM 132 Extra"]
[Source "ChessBase"]
[SourceDate "2009.11.03"]
[SourceVersion "1"]
[SourceVersionDate "2009.11.03"]
[SourceQuality "1"]

1. e4 c5 2. c3 e6 3. d4 d5 4. e5 Nc6 5. Nf3 Qb6 6. Bd3 Bd7 7. 0-0 f6 8. Nbd2 fxe5 9. Nxe5 Nxe5 10. dxe5 0-0-0 11. Nf3 h6 12. b4 c4 13. Be3 Qc7 14. Bc2 Ne7 15. a4 Nc6 16. Re1 Be7 17. Nd4 Nb8 18. Nb5 Bxb5 19. axb5 Qxe5 20. Bd4 Qd6 21. Qg4 h5 22. Qh3 Rh6 23. Bxg7 1-0

[Event "Belgrade Trophy 21st"]
[Site "Obrenovac"]
[Date "2008.12.04"]
[Round "8"]
[White "Gunnarsson, Jon Viktor"]
[Black "Velimirovic, Dragoljub"]
[Result "1-0"]
[WhiteElo "2430"]
[BlackElo "2415"]
[PlyCount "67"]
[EventDate "2008.11.27"]
[EventType "swiss"]
[EventRounds "9"]
[EventCountry "YUG"]
[SourceTitle "CBM 127 Extra"]
[Source "ChessBase"]
[SourceDate "2009.01.08"]
[SourceVersion "2"]
[SourceVersionDate "2009.01.28"]
[SourceQuality "1"]

1. e4 c5 2. Nf3 d6 3. d4 cxd4 4. Nxd4 Nf6 5. Nc3 g6 6. Be3 Bg7 7. f3 Nc6 8. Qd2 0-0 9. Bc4 Nd7 10. 0-0-0 Nb6 11. Bb3 Na5 12. f4 Nbc4 13. Qd3 Nxe3 14. Qxe3 Nxb3+ 15. cxb3 Bh6 16. g3 Bg4 17. Rd2 e5 18. Ndb5 a6 19. Nxd6 Qc7 20. h3 Bh5 21. Rd5 Rad8 22. Qd3 Be2 23. Qd2 Bf3 24. Rf1 Bg2 25. Qxg2 Rxd6 26. Kb1 exf4 27. gxf4 Rc6 28. e5 f6 29. Qg4 Qc8 30. Rd7 fxe5 31. Rfd1 Qe8 32. Qh4 g5 33. fxg5 Qg6+ 34. Ka1 1-0

[Event "Belgrade Trophy 21st"]
[Site "Obrenovac"]
[Date "2008.12.02"]
[Round "6"]
[White "Cvetkovic, Srdjan"]
[Black "Velimirovic, Dragoljub"]
[Result "1-0"]
[WhiteElo "2378"]
[BlackElo "2415"]
[PlyCount "53"]
[EventDate "2008.11.27"]
[EventType "swiss"]
[EventRounds "9"]
[EventCountry "YUG"]
[SourceTitle "CBM 127 Extra"]
[Source "ChessBase"]
[SourceDate "2009.01.08"]
[SourceVersion "2"]
[SourceVersionDate "2009.01.28"]
[SourceQuality "1"]

1. c4 c5 2. Nf3 Nc6 3. d4 cxd4 4. Nxd4 Nf6 5. Nc3 e6 6. a3 Bc5 7. e3 0-0 8. Be2 d5 9. cxd5 exd5 10. 0-0 Re8 11. b4 Nxd4 12. bxc5 Nxe2+ 13. Nxe2 Bg4 14. Bb2 Rc8 15. Rc1 Qe7 16. Bd4 Nd7 17. f3 Be6 18. Qa4 a6 19. c6 bxc6 20. Rxc6 Rxc6 21. Qxc6 Qxa3 22. Nf4 Qe7 23. Qxa6 Nf8 24. Rb1 Qc7 25. Nh5 Qc2 26. Ra1 Bc8 27. Nf6+ 1-0

[Event "Belgrade Trophy 21st"]
[Site "Obrenovac"]
[Date "2008.11.30"]
[Round "4"]
[White "Velimirovic, Dragoljub"]
[Black "Stanoev, Atanas"]
[Result "1-0"]
[WhiteElo "2415"]
[BlackElo "2259"]
[PlyCount "53"]
[EventDate "2008.11.27"]
[EventType "swiss"]
[EventRounds "9"]
[EventCountry "YUG"]
[SourceTitle "CBM 127 Extra"]
[Source "ChessBase"]
[SourceDate "2009.01.08"]
[SourceVersion "2"]
[SourceVersionDate "2009.01.28"]
[SourceQuality "1"]

1. e4 c5 2. Nf3 Nc6 3. d4 cxd4 4. Nxd4 Qc7 5. Nc3 e6 6. Be2 a6 7. 0-0 Nf6 8. Kh1 Be7 9. f4 d6 10. a4 0-0 11. g4 Nxd4 12. Qxd4 b6 13. g5 Nd7 14. f5 Re8 15. f6 Bf8 16. Qf2 Ne5 17. Be3 Rb8 18. Bd4 g6 19. h4 b5 20. axb5 axb5 21. Ra7 Qc6 22. b4 Nc4 23. h5 Rb7 24. hxg6 hxg6 25. Qh4 Rxa7 26. Kg2 Ne3+ 27. Bxe3 1-0

[Event "Belgrade Trophy 21st"]
[Site "Obrenovac"]
[Date "2008.11.29"]
[Round "3"]
[White "Velimirovic, Dragoljub"]
[Black "Bojovic, Dusan"]
[Result "1-0"]
[WhiteElo "2415"]
[BlackElo "2259"]
[PlyCount "53"]
[EventDate "2008.11.27"]
[EventType "swiss"]
[EventRounds "9"]
[EventCountry "YUG"]
[SourceTitle "CBM 127 Extra"]
[Source "ChessBase"]
[SourceDate "2009.01.08"]
[SourceVersion "2"]
[SourceVersionDate "2009.01.28"]
[SourceQuality "1"]

1. e4 c5 2. Nf3 e6 3. d4 cxd4 4. Nxd4 Nc6 5. Nc3 Qc7 6. Be2 a6 7. 0-0 Nf6 8. Kh1 Nxd4 9. Qxd4 Bc5 10. Qd3 b5 11. Bg5 Bb7 12. f4 h5 13. e5 Ng4 14. Bf3 Ne3 15. b4 Bb6 16. Bxb7 Qxb7 17. Ne4 Qc6 18. Nd6+ Kf8 19. Rf3 Ng4 20. Raf1 Bd8 21. Bxd8 Rxd8 22. Qd4 Qxc2 23. f5 Kg8 24. h3 Qe2 25. Rf4 Ne3 26. R4f2 Nxf1 27. Rxe2 1-0

[Event "Belgrade Trophy 20th"]
[Site "Belgrade"]
[Date "2007.11.27"]
[Round "6"]
[White "Popovic, Nenad"]
[Black "Velimirovic, Dragoljub"]
[Result "1-0"]
[WhiteElo "2268"]
[BlackElo "2442"]
[PlyCount "105"]
[EventDate "2007.11.22"]
[EventType "swiss"]
[EventRounds "9"]
[EventCountry "YUG"]
[SourceTitle "CBM 121 Extra"]
[Source "ChessBase"]
[SourceDate "2008.01.10"]
[SourceVersion "1"]
[SourceVersionDate "2008.01.10"]
[SourceQuality "1"]

1. c4 Nf6 2. Nc3 g6 3. Nf3 Bg7 4. e4 d6 5. d4 0-0 6. h3 c5 7. Be3 cxd4 8. Nxd4 Nc6 9. Qd2 Nxd4 10. Bxd4 Be6 11. Rc1 Qa5 12. Rc2 Rfc8 13. b3 a6 14. Be2 b5 15. b4 Qxb4 16. Rb2 Qa3 17. Nb1 Qa4 18. Nc3 Qa5 19. cxb5 axb5 20. Rxb5 Qc7 21. 0-0 Bc4 22. Bxf6 Bxf6 23. Nd5 Bxd5 24. Qxd5 Ra4 25. Bd3 Qa7 26. Bb1 Rac4 27. Qd2 Kg7 28. Kh2 Qa6 29. Rb3 Rd4 30. Bd3 Qa7 31. Qe2 Ra8 32. Bb1 Rc8 33. Bd3 Rc5 34. Rd1 h5 35. Bb1 Be5+ 36. g3 Rxd1 37. Qxd1 h4 38. Qg1 hxg3+ 39. fxg3 Qc7 40. Qe3 Rc1 41. Bd3 Ra1 42. Ra3 Qb7 43. Qf2 Qb4 44. Rb3 Qa4 45. Bb1 Qc4 46. Rb7 Rxb1 47. Rxb1 Bxg3+ 48. Kxg3 Qd3+ 49. Kh2 Qxb1 50. Qd4+ e5 51. Qc4 Qb6 52. Qc2 Kf6 53. a4 1-0

[Event "MNT-chT"]
[Site "Herceg Novi"]
[Date "2007.09.08"]
[Round "6"]
[White "Velimirovic, Dragoljub"]
[Black "Vajda, Levente"]
[Result "0-1"]
[WhiteElo "2442"]
[BlackElo "2547"]
[PlyCount "60"]
[EventDate "2007.09.03"]
[EventType "team-tourn"]
[EventRounds "9"]
[EventCountry "MNE"]
[SourceTitle "CBM 120 Extra"]
[Source "ChessBase"]
[SourceDate "2007.11.01"]
[SourceVersion "1"]
[SourceVersionDate "2007.11.01"]
[SourceQuality "1"]

1. a3 e5 2. c4 Nf6 3. Nc3 c5 4. g3 Be7 5. Bg2 0-0 6. Nf3 Nc6 7. 0-0 d6 8. d3 h6 9. Nd2 Be6 10. Nd5 Qd7 11. b4 cxb4 12. Rb1 bxa3 13. Nxe7+ Qxe7 14. Bxa3 Rfd8 15. Qa4 Rac8 16. e3 Qd7 17. Rfc1 b6 18. Ra1 Bh3 19. Bh1 Nd4 20. Qd1 Ne6 21. Bb2 Nc5 22. Qe2 Na4 23. Ne4 Nxe4 24. dxe4 Be6 25. Ba3 Qc6 26. Bb4 Bxc4 27. Qd2 a5 28. Bxa5 bxa5 29. Qxa5 Nb6 30. Rab1 Nd7 0-1

[Event "SRB-chT 1st"]
[Site "Zlatibor"]
[Date "2007.08.28"]
[Round "7"]
[White "Todorovic, Goran M"]
[Black "Velimirovic, Dragoljub"]
[Result "0-1"]
[WhiteElo "2471"]
[BlackElo "2442"]
[PlyCount "179"]
[EventDate "2007.08.21"]
[EventType "team-tourn"]
[EventRounds "11"]
[EventCountry "YUG"]
[SourceTitle "CBM 120 Extra"]
[Source "ChessBase"]
[SourceDate "2007.11.01"]
[SourceVersion "1"]
[SourceVersionDate "2007.11.01"]
[SourceQuality "1"]

1. e4 c5 2. Nf3 d6 3. d4 cxd4 4. Nxd4 Nf6 5. Nc3 g6 6. Be3 Bg7 7. f3 Nc6 8. Qd2 0-0 9. Bc4 Bd7 10. 0-0-0 Qb8 11. Bb3 a5 12. a4 Nxd4 13. Bxd4 b5 14. Rhe1 e5 15. Be3 bxa4 16. Bxa4 Bxa4 17. Nxa4 Ra6 18. Bg5 Rc8 19. Re3 Rc4 20. b3 Rd4 21. Rd3 Qc7 22. Be3 Rxd3 23. Qxd3 Rc6 24. c4 Nd7 25. Kb1 Nf8 26. Nc3 Ne6 27. Nd5 Qb7 28. g3 Nd4 29. Bxd4 exd4 30. Kb2 Rc5 31. g4 g5 32. Rh1 Qa6 33. Rc1 Be5 34. Rc2 Kg7 35. Kb1 Qb7 36. Ra2 Qd7 37. Rg2 Qc8 38. h4 gxh4 39. f4 Rxd5 40. exd5 Bxf4 41. Qxd4+ Be5 42. Qe3 h6 43. g5 Qf5+ 44. Ka2 h5 45. c5 h3 46. Rf2 Qg4 47. cxd6 Bd4 48. Qe7 Bxf2 49. d7 Bb6 50. Qf6+ Kg8 51. Qxb6 Qxd7 52. g6 Qxd5 53. gxf7+ Kxf7 54. Qf2+ Kg6 55. Qg3+ Qg5 56. Qxh3 Qd2+ 57. Ka3 Qd6+ 58. Ka2 Qe5 59. Qh4 Qc3 60. Qf4 Qb4 61. Qg3+ Qg4 62. Qd6+ Kg5 63. Qd2+ Kg6 64. Qxa5 h4 65. Qb6+ Kf5 66. Qc5+ Ke4 67. Qc4+ Kf3 68. Qf1+ Ke3 69. Qc1+ Ke2 70. Qc2+ Kf1 71. Qc1+ Kf2 72. Qc5+ Kg2 73. Qd5+ Kh2 74. Ka3 h3 75. b4 Kg3 76. Qe5+ Qf4 77. Qe1+ Kg2 78. Ka4 h2 79. Qe2+ Kg3 80. Qe1+ Kg4 81. Qh1 Kh3 82. Qd5 Kg3 83. Qd3+ Qf3 84. Qg6+ Kf2 85. Qc2+ Qe2 86. Qc5+ Ke1 87. Qc3+ Kd1 88. Qd4+ Kc2 89. Qc5+ Kb1 90. Qf5+ 0-1

[Event "Bayern-chI Bank Hofmann 10th"]
[Site "Bad Wiessee"]
[Date "2006.11.08"]
[Round "5"]
[White "Velimirovic, Dragoljub"]
[Black "Sailer, Wolfgang"]
[Result "1-0"]
[WhiteElo "2459"]
[BlackElo "2232"]
[PlyCount "71"]
[EventDate "2006.11.04"]
[EventType "swiss"]
[EventRounds "9"]
[EventCountry "GER"]
[SourceTitle "EXT 2007"]
[Source "ChessBase"]
[SourceDate "2006.11.23"]
[SourceVersion "1"]
[SourceVersionDate "2006.11.23"]
[SourceQuality "1"]

1. e4 d6 2. d4 Nf6 3. Nc3 g6 4. f4 Bg7 5. Nf3 0-0 6. e5 Nfd7 7. Bc4 Nb6 8. Bb3 Nc6 9. Be3 Na5 10. Qe2 Nxb3 11. axb3 c6 12. 0-0 Nd5 13. Ne4 f6 14. c4 Nxe3 15. Qxe3 Bg4 16. Rad1 Bh6 17. e6 Bxe6 18. Neg5 Bf7 19. Ne6 Bxe6 20. Qxe6+ Rf7 21. Ng5 Bxg5 22. fxg5 Qc8 23. d5 cxd5 24. cxd5 Qxe6 25. dxe6 Rff8 26. gxf6 Rxf6 27. Rxf6 exf6 28. Rxd6 Re8 29. Kf2 f5 30. Kf3 Kg7 31. Rd7+ Kf6 32. Rxh7 Re7 33. Rxe7 Kxe7 34. Kf4 Kxe6 35. Kg5 Kf7 36. b4 1-0

[Event "Bayern-chI Bank Hofmann 10th"]
[Site "Bad Wiessee"]
[Date "2006.11.05"]
[Round "2"]
[White "Sondermann, Johannes"]
[Black "Velimirovic, Dragoljub"]
[Result "0-1"]
[WhiteElo "2152"]
[BlackElo "2459"]
[PlyCount "80"]
[EventDate "2006.11.04"]
[EventType "swiss"]
[EventRounds "9"]
[EventCountry "GER"]
[SourceTitle "EXT 2007"]
[Source "ChessBase"]
[SourceDate "2006.11.23"]
[SourceVersion "1"]
[SourceVersionDate "2006.11.23"]
[SourceQuality "1"]

1. d4 Nf6 2. c4 c5 3. d5 g6 4. Nc3 Bg7 5. e4 0-0 6. f4 d6 7. Nf3 e6 8. Be2 exd5 9. cxd5 Bg4 10. 0-0 Nbd7 11. Re1 Ne8 12. Be3 a6 13. a4 Rb8 14. Nd2 Bxe2 15. Qxe2 Qe7 16. Qd3 Nef6 17. h3 Rfe8 18. g4 h6 19. Bf2 Nh7 20. Bg3 g5 21. e5 gxf4 22. exd6 Qxd6 23. Nce4 Qe5 24. Nf3 Qc7 25. d6 Qb6 26. a5 Qb5 27. Qxb5 axb5 28. Bxf4 Nhf8 29. Ng3 Ng6 30. Bd2 b4 31. Nf5 Bxb2 32. Nxh6+ Kf8 33. Rab1 Rxe1+ 34. Rxe1 Re8 35. Rb1 Nge5 36. Nxe5 Bxe5 37. Rf1 Re6 38. Nxf7 Bd4+ 39. Kh1 Rf6 40. Rxf6 Bxf6 0-1

[Event "Serbia-chT"]
[Site "Zlatibor"]
[Date "2006.08.29"]
[Round "4"]
[White "Pikula, Dejan"]
[Black "Velimirovic, Dragoljub"]
[Result "1-0"]
[WhiteElo "2545"]
[BlackElo "2452"]
[PlyCount "85"]
[EventDate "2006.08.26"]
[EventType "team"]
[EventRounds "9"]
[EventCountry "YUG"]
[SourceTitle "EXT 2007"]
[Source "ChessBase"]
[SourceDate "2006.11.23"]
[SourceVersion "1"]
[SourceVersionDate "2006.11.23"]
[SourceQuality "1"]

1. e4 d6 2. d4 Nf6 3. Nc3 g6 4. Be3 Bg7 5. Qd2 c6 6. Bh6 Bxh6 7. Qxh6 b5 8. Bd3 Qa5 9. Nf3 b4 10. Ne2 Ba6 11. 0-0 Bxd3 12. cxd3 Nbd7 13. Ng3 e6 14. Rfe1 Nh5 15. Ng5 Nxg3 16. hxg3 Ke7 17. e5 Raf8 18. Qh4 dxe5 19. dxe5 h6 20. Nf3+ g5 21. Qe4 Qd5 22. Qxb4+ c5 23. Qc3 Rb8 24. Re4 Rb7 25. b3 a5 26. Rae1 Rb4 27. Rc4 Rhb8 28. d4 g4 29. Nh2 cxd4 30. Qd2 Nxe5 31. Rc7+ Kd6 32. Rec1 R8b7 33. Rc8 d3 34. Nf1 Rb8 35. Qxh6 Rxc8 36. Rxc8 Nd7 37. Ne3 Qb7 38. Nc4+ Ke7 39. Qh4+ Nf6 40. Qh8 e5 41. Qd8+ Ke6 42. Qd6+ Kf5 43. Rc6 1-0

[Event "SRB-chT 1st League"]
[Site "Serbia"]
[Date "2005.09.29"]
[Round "7.3"]
[White "Savicevic, Vlatko"]
[Black "Velimirovic, Dragoljub"]
[Result "1/2-1/2"]
[WhiteElo "2339"]
[BlackElo "2472"]
[PlyCount "103"]
[EventDate "2005.09.25"]
[EventType "team"]
[EventRounds "11"]
[EventCountry "SRB"]
[SourceTitle "EXT 2012"]
[Source "ChessBase"]
[SourceDate "2011.11.24"]
[SourceVersion "1"]
[SourceVersionDate "2011.11.24"]
[SourceQuality "1"]
[WhiteTeam "Telekom"]
[BlackTeam "Sveti Nikolaj Srpski"]
[WhiteTeamCountry "SRB"]
[BlackTeamCountry "SRB"]

1. e4 c5 2. Nf3 d6 3. d4 cxd4 4. Nxd4 Nf6 5. Nc3 g6 6. Bc4 Bg7 7. 0-0 0-0 8. Re1 Nc6 9. Bb3 Bd7 10. Nxc6 bxc6 11. Bg5 h6 12. Bh4 Qc7 13. Qd2 Rad8 14. Rad1 g5 15. Bg3 Nh5 16. Ne2 Bc8 17. c3 Ba6 18. Qe3 e6 19. Qf3 Bxe2 20. Rxe2 Nxg3 21. Qxg3 Qa5 22. h4 Qe5 23. Qxe5 Bxe5 24. hxg5 hxg5 25. g3 Rb8 26. Kg2 Kg7 27. Rf1 g4 28. Rh1 Kf6 29. Rh4 Rg8 30. Ba4 Rb6 31. Rd2 Rgb8 32. Bb3 Kg5 33. Rd1 a5 34. Rdh1 Kf6 35. Rxg4 a4 36. Bxa4 Rxb2 37. Bxc6 R8b6 38. Ba4 Rxa2 39. Bd1 Rbb2 40. Rf1 Ra3 41. Rg8 Rxc3 42. Bh5 Ke7 43. Kh3 Rcc2 44. f4 Rh2+ 45. Kg4 f5+ 46. exf5 exf5+ 47. Kg5 Rbg2 48. g4 Bf6+ 49. Kg6 fxg4 50. Re1+ Re2 51. Rxe2+ Rxe2 52. Bxg4 1/2-1/2

[Event "SRB-chT 1st League"]
[Site "Serbia"]
[Date "2005.09.28"]
[Round "6.3"]
[White "Velimirovic, Dragoljub"]
[Black "Stamenkovic, Zoran"]
[Result "1-0"]
[WhiteElo "2472"]
[BlackElo "2421"]
[PlyCount "119"]
[EventDate "2005.09.25"]
[EventType "team"]
[EventRounds "11"]
[EventCountry "SRB"]
[SourceTitle "EXT 2012"]
[Source "ChessBase"]
[SourceDate "2011.11.24"]
[SourceVersion "1"]
[SourceVersionDate "2011.11.24"]
[SourceQuality "1"]
[WhiteTeam "Sveti Nikolaj Srpski"]
[BlackTeam "Bozevac Zadrugar"]
[WhiteTeamCountry "SRB"]
[BlackTeamCountry "SRB"]

1. e4 e6 2. d4 d5 3. Nc3 Nf6 4. Bg5 Be7 5. e5 Nfd7 6. h4 Bxg5 7. hxg5 Qxg5 8. Nb5 Qd8 9. Qg4 g6 10. Nf3 a6 11. Nc3 c5 12. 0-0-0 Nc6 13. dxc5 Nxc5 14. Qf4 Qe7 15. Ng5 h6 16. Nf3 Bd7 17. Rxh6 Rxh6 18. Qxh6 0-0-0 19. Qf4 Be8 20. Nd4 Nxd4 21. Qxd4 Kb8 22. Be2 Rc8 23. Kb1 Qc7 24. Rd2 b5 25. f4 Qb7 26. a3 a5 27. b4 Na4 28. Nd1 axb4 29. axb4 Qc6 30. c3 Rc7 31. Ra2 Bd7 32. Kc2 Bc8 33. Ra3 Bb7 34. Nb2 Nxb2 35. Kxb2 Bc8 36. Ra5 Ba6 37. Ra1 Bc8 38. Kb3 Ba6 39. Qc5 Kb7 40. Qxc6+ Rxc6 41. Rh1 Kb6 42. Rh8 Bb7 43. Rf8 Rc7 44. g3 Bc6 45. Kc2 Rd7 46. Rb8+ Kc7 47. Rf8 d4 48. cxd4 Rxd4 49. Rxf7+ Kb6 50. Rf6 g5 51. Kc3 Re4 52. Bd3 Re3 53. Rxe6 Rxg3 54. Kd4 Kc7 55. f5 g4 56. f6 Bd7 57. Re7 Kd8 58. e6 Bc6 59. Rg7 Rf3 60. Rg8+ 1-0